000 00402nmm a2200145Ia 4500
008 251105s9999||||xx |||||||||||||||||und||
041 _aspa
100 _aKleypas, Lisa
245 0 _aCasarse con él. Serie Ravenels 2
264 _a[Madrid, España] :
_bEdiciones B,
_c2016
300 _a313 páginas
650 _aRomance
856 _uhttps://public.digitaliapublishing.com/a/53893
942 _cCF
999 _c106068
_d106068